000 00443pab a2200157 454500
008 180718b2015 xxu||||| |||| 00| 0 eng d
100 _aAbrassart, Aurelien
245 _aAvailability, cost or culture? obstacles to childcare services for low-income families
260 _c2015
300 _ap.787-806.
362 _aOct
650 _aChild welfare
700 _aBonoli, Giuliano
773 _aJournal of Social Policy
909 _a113949
999 _c113943
_d113943